000 00505nam a2200181Ia 4500
001 24386
005 20260414151039.0
008 260414t2020||||xx |||||||||||||| ||spa||
041 _aESP
082 _a345.7
_bD84C
110 _aDivisión de Estudios Jurídicos de Gaceta Jurídica
245 0 _aCriterios jurisprudenciales de la Sala Civil Transitoria de la Corte Suprema
_b
260 _c2020
300 _a462 páginas :
_c25 cm.
650 _aDER
654 _aCDE
942 _cLIB
_dJUS
_fJUS
_2ddc
_n
999 _c24386
_d24386